000 00455nam a2200181Ia 4500
001 4090
005 20260306145730.0
008 260306t2005||||xx |||||||||||||| ||spa||
041 _aESP
082 _a306.85
_bH12 Nº 55
100 _aArtola González, Teresa
_eAUT
245 0 _aSituaciones cotidianas de tus hijos adolescentes
260 _c2005
300 _a281 páginas :
_c19 cm.
650 _aGEN
654 _aCED
942 _cLIB
_dJUS
_fJUS
_2ddc
_n
999 _c4090
_d4090